000 01477cam a22003611i 4500
003 SA-RiAUC
005 20250706062934.0
008 250705s2009____su g b f00010 ara c
020 _a9789960038957
020 _a9789960038698
040 _aSA-RiKAPL
_bara
_cSA-RiAUC
_erda
050 4 _b.M87 2009
082 0 4 _a219.1
_qSA-RiAUC
090 1 4 _a219.1
_b م ش ي
100 1 _aالمشيقح، خالد بن علي بن محمد
_eمؤلف.
245 1 0 _aأحكام القسم بين الزوجات /
_cتأليف خالد بن علي المشيقح.
250 _aالطبعة الأولى.
264 1 _aالرياض :
_bجامعة أم القرى، معهد البحوث العلمية،
_c2009
300 _a224 صفحة ؛
_c24 سم.
336 _aنص
_btxt
_2rdacontent
_3كتاب
337 _aبدون وسيط
_bn
_2rdamedia
338 _aمجلد
_bnc
_2rdacarrier
490 0 _aسلسلة بحوث الدراسات الإسلامية
504 _aببليوجرافية : صفحة 201-213.
650 7 _aالزواج (فقه إسلامي)
_2aucsh
650 7 _aالإسلام والإصلاح الاجتماعي
_2aucsh
650 7 _aالإسلام والحقوق الزوجية
_2aucsh
650 7 _aتعدد الزوجات (فقه إسلامي)
_2aucsh
650 7 _aالإسلام وحقوق المرأة
_2aucsh
650 7 _aتعدد الزوجات
_2aucsh
942 _2ddc
_cBOOK
_n0
949 _aSA-JeALM
_d250705
_umohamedma123
_n1
999 _c9525
_d9525